000 00664nam a2200229 a 4500
999 _c213
_d213
001 213
003 BD-JhCC
005 20171016130956.0
008 171002s2004 b |||| |||| 00| 0 ben d
020 _a9844017963
035 _a(BD-JhCC)213
040 _aBD-JhCC
_dBD-JhCC
041 _aben
082 _221
_a917.3
_bKAS 2004
100 _aকাশেম , গাজী,
245 _aও আমার আমেরিকা রে /
_cগাজী কাশেম ,
260 _aঢাকা,
_bআগামী প্রকাশনী ,
_c২০০৪
300 _a112p. ;
_c22cm.
650 _aTravel
_xAmerica (USA)
942 _2ddc
_cBK